=LDR 00000nam 2200000 4500 =001 INLIS000000000027259 =005 20231214071538 =035 ##$$a 0010-061300000027259 =008 231214###########################0###### =041 ##$$a Ind =082 ##$$a 153.6 =090 ##$$a 155.2, Hal t =100 ##$$a Cialdini, Robert B =245 1#$$a Psikologi persuasif merekayasa kepatuhan, Robert B. Cialdini ; diterjemahkan oleh, Tri Wibowo Budi Santoso =260 ##$$a 2005 :$b Jakarta =300 ##$$a xii, 304 hlm, 23 cm =650 #4$$a Psikologi Persuasif =850 ##$$a NBPNMAT =084 ##$$a 153.6 CIA p =990 ##$$a 0001/BPAP-NTB/20142014